000 00933nas a2200289 4500
001 BR2016004661
003 BR-BrBNA
005 20231205130714.0
007 ta
008 230509b bl.|||p| |||| 00| 00por d
040 _aBR-BrBNA
_bpor
_cBiblioteca Nacional de Agricultura
041 _a(Pt)
072 _aH10
100 1 _aPenteado, S. do R.C.
100 1 _aOliveira, E.B. de
100 1 _aIede, E.T.
245 1 _aTamanho da amostra para monitorar a população de sirex e de seus inimigos naturais
650 _aPINHEIRO
650 _aPRAGA DE PLANTA
650 _aVESPA-DA-MADEIRA
650 _aINIMIGO NATURAL
650 _aNEMATOIDE
773 0 _tPesquisa Florestal Brasileira (Brazil)
_xISSN 1983-2605
_g(Jul-Sep 2016), v. 36(87) p. 297-301
_wBR2016004661
856 4 0 _uhttp://pfb.cnpf.embrapa.br/pfb/index.php/pfb/article/view/788/513
909 _a202311
_bLúcia
_c55
_dLúcia Elande
942 _2AGRIS
_n0
_cANA
999 _c250775
_d250775